000 00700nam a2200205Ia 4500
005 20240530110950.0
008 140319s2007 xx 000 0 ara d
040 _aGCL /
_cGCL
082 0 4 _a650.1 /
_bع ا
100 _aعبدالرحمن توفيق
245 1 0 _aالادارة بالمعرفة /
_cتاليف عبدالرحمن توفيق
250 _aالثانية
260 _aالقاهرة :
_bمركز الخبرات المهنية للادارة (ببميك) ،
_c2007
300 _a423 ص ؛
_c24 سم
650 0 4 _aعصر المعرفة
650 0 4 _aالادارة
650 0 4 _aالمعرفة
942 _2ddc
_cBK
999 _c66979
_d66979